Miroslav Tyrš : filozof, pedagog a estetik českého tělocviku /

Bibliographic Details
Main Author: Krejčí, Jaroslav, 1932-2006
Format: Book
Language:Czech
Published: [Köln] : Index, 1986.
Subjects:

MARC

Tag First Indicator Second Indicator Subfields
LEADER 00000cam a2200000 a 4500
001 in00002020752
005 20151031171543.0
008 880513s1986 gw c b 000 0bcze
010 |a  87143471  
035 |a (OCoLC)ocm17814728 
040 |a DLC  |c DLC  |d OCL  |d UtOrBLW 
043 |a e-cs--- 
049 |a TXAM 
050 0 0 |a CT948.T97  |b K74 1986 
100 1 |a Krejčí, Jaroslav,  |d 1932-2006. 
245 1 0 |a Miroslav Tyrš :  |b filozof, pedagog a estetik českého tělocviku /  |c Jaroslav Krejčí. 
264 1 |a [Köln] :  |b Index,  |c 1986. 
300 |a 154 pages :  |b portrait ;  |c 17 cm. 
336 |a text  |b txt  |2 rdacontent 
337 |a unmediated  |b n  |2 rdamedia 
338 |a volume  |b nc  |2 rdacarrier 
504 |a Includes bibliographical references. 
600 1 0 |a Tyrš, Miroslav,  |d 1832-1884. 
650 0 |a Philosophers  |z Czechoslovakia  |v Biography. 
650 0 |a Educators  |z Czechoslovakia  |v Biography. 
650 0 |a Physical education teachers  |z Czechoslovakia  |v Biography. 
610 2 0 |a Československá obec sokolská  |v Biography. 
948 |a cataloged  |b h  |c 2005/2/25  |d c  |e spoltoratski  |f 11:03:32 am 
994 |a C0  |b TXA 
999 |a MARS 
999 f f |s 593d7db4-c8d0-3af1-b8df-a00ab22b0fc2  |i b9bc5b4e-c625-325a-a855-e550c76791c1  |t 0 
952 f f |p ric  |a Texas A&M University  |b Rellis Campus  |c Joint Library Facility  |d Remote Storage  |t 0  |e CT948.T97 K74 1986  |h Library of Congress classification  |i unmediated -- volume  |m A14831754794 
998 f f |a CT948.T97 K74 1986  |t 0  |l Remote Storage